Modern Marvels (Record no. 14005)
[ view plain ]
| 000 -LEADER | |
|---|---|
| fixed length control field | 01612nam a22003617a 4500 |
| 008 - FIXED-LENGTH DATA ELEMENTS--GENERAL INFORMATION | |
| fixed length control field | 100518s2007 nyu|||||s|||| 000 0 eng d |
| 020 ## - INTERNATIONAL STANDARD BOOK NUMBER | |
| International Standard Book Number | 0767097157 |
| 082 ## - DEWEY DECIMAL CLASSIFICATION NUMBER | |
| Edition number | 22 |
| Classification number | 600 |
| Item number | TEC |
| 245 00 - TITLE STATEMENT | |
| Title | Modern Marvels |
| Medium | [videorecording] : |
| Remainder of title | Technology / |
| Statement of responsibility, etc | Produced by Digital Ranch (Firm), Jupiter Entertainment, Inc. and Hearst/Actuality for The History Channel. |
| 260 ## - PUBLICATION, DISTRIBUTION, ETC. (IMPRINT) | |
| Place of publication, distribution, etc | New York : |
| Name of publisher, distributor, etc | A & E Television Networks, 2007 |
| Date of publication, distribution, etc | 2007 |
| 300 ## - PHYSICAL DESCRIPTION | |
| Extent | 8 videodiscs (7 hr., 30 min.) : |
| Other physical details | sd., col. ; |
| Dimensions | 4 3/4 in. |
| 505 ## - FORMATTED CONTENTS NOTE | |
| Formatted contents note | Candy -- Sugar -- The world's longest bridge-- Walt Disney World -- The Manhattan Project -- More engineering disasters -- James Bond gadgets -- Monster trucks. |
| 610 ## - SUBJECT ADDED ENTRY--CORPORATE NAME | |
| 9 (RLIN) | 14076 |
| Corporate name or jurisdiction name as entry element | Manhattan Project (U.S.) |
| 650 ## - SUBJECT ADDED ENTRY--TOPICAL TERM | |
| 9 (RLIN) | 4745 |
| Topical term or geographic name as entry element | Candy |
| General subdivision | History |
| 650 ## - SUBJECT ADDED ENTRY--TOPICAL TERM | |
| 9 (RLIN) | 4746 |
| Topical term or geographic name as entry element | Sugar |
| General subdivision | Manufacture and refining |
| 650 ## - SUBJECT ADDED ENTRY--TOPICAL TERM | |
| 9 (RLIN) | 14088 |
| Topical term or geographic name as entry element | Sugar trade |
| General subdivision | History |
| 650 ## - SUBJECT ADDED ENTRY--TOPICAL TERM | |
| 9 (RLIN) | 14080 |
| Topical term or geographic name as entry element | Suspension bridges |
| Geographic subdivision | Japan |
| 650 ## - SUBJECT ADDED ENTRY--TOPICAL TERM | |
| 9 (RLIN) | 14077 |
| Topical term or geographic name as entry element | Atomic bomb |
| General subdivision | History |
| Geographic subdivision | United States |
| 650 ## - SUBJECT ADDED ENTRY--TOPICAL TERM | |
| 9 (RLIN) | 14078 |
| Topical term or geographic name as entry element | James Bond films |
| General subdivision | History and criticism. |
| 650 ## - SUBJECT ADDED ENTRY--TOPICAL TERM | |
| 9 (RLIN) | 14079 |
| Topical term or geographic name as entry element | Monster trucks |
| General subdivision | History. |
| 651 ## - SUBJECT ADDED ENTRY--GEOGRAPHIC NAME | |
| 9 (RLIN) | 14089 |
| Geographic name | Walt Disney World (Fla.) |
| General subdivision | History |
| 655 ## - INDEX TERM--GENRE/FORM | |
| Genre/form data or focus term | Documentary television programs |
| 655 ## - INDEX TERM--GENRE/FORM | |
| Genre/form data or focus term | Historical television programs |
| 655 ## - INDEX TERM--GENRE/FORM | |
| Genre/form data or focus term | Science television programs |
| 655 ## - INDEX TERM--GENRE/FORM | |
| Genre/form data or focus term | Television programs |
| 655 ## - INDEX TERM--GENRE/FORM | |
| Genre/form data or focus term | Science television programs |
| 650 ## - SUBJECT ADDED ENTRY--TOPICAL TERM | |
| 9 (RLIN) | 11941 |
| Topical term or geographic name as entry element | Disasters |
| 710 ## - ADDED ENTRY--CORPORATE NAME | |
| 9 (RLIN) | 14086 |
| Corporate name or jurisdiction name as entry element | Digital Ranch (Firm) |
| 710 ## - ADDED ENTRY--CORPORATE NAME | |
| 9 (RLIN) | 14087 |
| Corporate name or jurisdiction name as entry element | Jupiter Entertainment, Inc. |
| 710 ## - ADDED ENTRY--CORPORATE NAME | |
| 9 (RLIN) | 14052 |
| Corporate name or jurisdiction name as entry element | History Channel (Television network) |
| 710 ## - ADDED ENTRY--CORPORATE NAME | |
| 9 (RLIN) | 14057 |
| Corporate name or jurisdiction name as entry element | Arts and Entertainment Network |
| 942 ## - ADDED ENTRY ELEMENTS (KOHA) | |
| Source of classification or shelving scheme | Dewey Decimal Classification |
| Item type | CD | DVD - Documentary (NB) |
| Withdrawn status | Lost status | Source of classification or shelving scheme | Damaged status | Not for loan | Koha collection | Location (home branch) | Sublocation or collection (holding branch) | Shelving location | Date acquired | Koha issues (times borrowed) | Koha full call number | Piece designation (barcode) | Koha date last seen | Price effective from | Koha item type | Public note | Source of acquisition |
|---|---|---|---|---|---|---|---|---|---|---|---|---|---|---|---|---|---|
| Dewey Decimal Classification | Baccah | Central Library | Central Library | First floor | 18/05/2010 | 600 TEC | 000016352 | 24/08/2022 | 18/05/2010 | CD | DVD - Documentary (NB) | Monster Trucks & James Bond Gadgets | ||||||
| Dewey Decimal Classification | Baccah | Central Library | Central Library | First floor | 18/05/2010 | 600 TEC | 000016355 | 24/08/2022 | 18/05/2010 | CD | DVD - Documentary (NB) | Candy& Sugar | Purchase | |||||
| Dewey Decimal Classification | Baccah | Central Library | Central Library | First floor | 18/05/2010 | 600 TEC | 000016353 | 24/08/2022 | 18/05/2010 | CD | DVD - Documentary (NB) | The Manhattan project & More Engineering Disasters | Purchase | |||||
| Dewey Decimal Classification | Baccah | Central Library | Central Library | First floor | 18/05/2010 | 600 TEC | 000016354 | 24/08/2022 | 18/05/2010 | CD | DVD - Documentary (NB) | The World's Longest Bridge & Walt Disney World | Purchase |